书目信息 |
| 题名: |
食品安全
|
|
| 作者: | 内斯特尔 著 ;黄宇彤 , 程池 译 | |
| 分册: | ||
| 出版信息: | 北京 社会科学文献出版社 2004 |
|
| 页数: | 24,317页 | |
| 开本: | 24cm | |
| 丛书名: | ||
| 单 册: | ||
| 中图分类: | R155.5 | |
| 科图分类: | ||
| 主题词: | 食品卫生--研究--美国 | |
| 电子资源: | ||
| ISBN: | 7-80190-370-6 | |
| 000 | 01487nam0 2200361 450 | |
| 000 | 01450nam0 2200349 450 | |
| 000 | 01432nam0 2200349 450 | |
| 000 | 01395nam0 2200337 450 | |
| 000 | 01413nam0 2200325 450 | |
| 000 | 01376nam0 2200313 45 | |
| 001 | TS2006011230 | |
| 005 | 20070113160442.54 | |
| 010 | @a7-80190-370-6@dCNY39.00 | |
| 092 | @aCN@bTS01-012065 | |
| 100 | @a20060829d2004 em y0chiy0110 ea | |
| 101 | 1 | @achi@ceng |
| 102 | @aCN@b110000 | |
| 105 | @aa z 001yy | |
| 200 | 1 | @a食品安全@Ashi pin an quan@e令人震惊的食品行业真相@ELing Ren Zhen Jing De Shi Pin Xing Ye Zhen Xiang@f(美)玛丽恩·内斯特尔(Marion Nestle)著@F( Mei ) Ma Li En· Nei Si Te Er (Marion Nestle) Zhu@g程池,黄宇彤等译 |
| 210 | @a北京@c社会科学文献出版社@d2004 | |
| 215 | @a24,317页@c照片@d24cm | |
| 330 | @a本书试图说明食品安全在科学之外的政治内涵,并通过案例分析,展示在食品安全问题上食品企业、政府、消费者的博弈与联系等。 | |
| 510 | 1 | @aSafe Food@eBacteria, Biotechnology, and Bioterrorism@zeng |
| 517 | 1 | @a令人震惊的食品行业真相@Aling ren zhen jing de shi pin hang ye zhen xiang |
| 606 | 0 | @a食品卫生@x研究@y美国 |
| 690 | @aR155.5@v4 | |
| 701 | 0 | @c(美)@a内斯特尔@Anei si te er@c(女,Nestle, Marion)@4著 |
| 702 | 0 | @a黄宇彤@Ahuang yu tong deng@4译 |
| 702 | 0 | @a程池@Acheng chi@4译 |
| 801 | 0 | @aCN@b中图数据@c20070113 |
| 905 | @a10447@dR155.5@e64 | |
| 食品安全:令人震惊的食品行业真相/(美)玛丽恩·内斯特尔(Marion Nestle)著/程池,黄宇彤等译.-北京:社会科学文献出版社,2004 |
| 24,317页:照片;24cm |
| ISBN 7-80190-370-6:CNY39.00 |
| 本书试图说明食品安全在科学之外的政治内涵,并通过案例分析,展示在食品安全问题上食品企业、政府、消费者的博弈与联系等。 |
| ● |
| 相关链接 |
|
|
|
|
正题名:食品安全
索取号:R155.5/64
 
预约/预借
| 序号 | 登录号 | 条形码 | 馆藏地/架位号 | 状态 | 备注 |
| 1 | 0612474 | 206124745 | 第二样本阅览室/ [索取号:R155.5/64] | 在馆 | |
| 2 | 0612475 | 206124754 | 第三借阅区/ [索取号:R155.5/64] | 在馆 | |
| 3 | 0612476 | 206124763 | 第三借阅区/ [索取号:R155.5/64] | 在馆 | |
| 4 | 0612477 | 206124772 | 第三借阅区/ [索取号:R155.5/64] | 在馆 | |
| 5 | 0612478 | 206124781 | 第三借阅区/ [索取号:R155.5/64] | 在馆 |